| 000 | 00445nam a22001577a 4500 | ||
|---|---|---|---|
| 999 |
_c5091 _d235595 |
||
| 020 | _a9788502153882 | ||
| 080 | _a342.4=( 81) C 627 | ||
| 245 | _aConstituticao da República Federativa do Brasil | ||
| 250 | _a46 Ed. Act. y Amp. | ||
| 260 |
_aSan Pablo _bEditora Saraiva _c2012 |
||
| 300 | _a450 P. | ||
| 490 | _aSaraiva de legislacion | ||
| 650 |
_xConstitucion _xBrasil _xenmiendas constitucionales |
||
| 945 |
_acd _d2019-10-07 |
||
| 942 | _6_ | ||